Mahatma Gandhi's understanding of jesus (Record no. 22287)
[ view plain ]
| 000 -LEADER | |
|---|---|
| fixed length control field | 00313nam a2200109Ia 4500 |
| 100 ## - MAIN ENTRY--AUTHOR NAME | |
| Author name | Ravi Tiwari |
| 245 #0 - TITLE STATEMENT | |
| Title | Mahatma Gandhi's understanding of jesus |
| 500 ## - GENERAL NOTE | |
| General note | Journal of Henry Martyn Institute July - Dec 2001 |
| 650 ## - SUBJECT ADDED ENTRY--TOPICAL TERM | |
| Topical Term | Study of Religions |
| 942 ## - ADDED ENTRY ELEMENTS (KOHA) | |
| Koha item type | Book Reviews |
No items available.
